000 00658nam a2200217 i 4500
001 C2-0282781
003 PPAK
005 20180728013043.0
008 071024s2003 my a|||| ||||| | may d
040 _aPPAK
_beng
_cPPAK
_erda
082 0 4 _a331.252
_223
090 0 0 _a331.252
_bMES
_dKHR
245 0 0 _aMesyuarat agung perwakilan tahunan kali ke 5
_bPersatuan Pesara Kerajaan Malaysia
264 1 _aKedah :
_bPersatuan Pesara Kerajaan Malaysia ,
_c2003
300 _a69 pages :
_billustrations ;
_c30 cm
336 _2rdacontent
_atext
337 _2rdamedia
_aunmediated
338 _2rdacarrier
_avolume
650 1 0 _aPensions-Malaysia
942 _ddc
_cB
999 _c88997
_d88997